Регионална библиотека "Любен Каравелов" - Русе

Хляб и сол (Запис номер 470454)

MARC детайли
000 -Лидер
Контролно поле с фиксирана дължина 00885nam a2200229 a 4500
003 - Код на организацията, давaща контролен номер
Контролно поле BLK
005 - Дата и час на последна редакция
Контролно поле 20230802005214.0
008 - Елементи от данни с фиксирана дължина
fixed length control field 220816b bu |||||r|||| 00| | bu d
040 ## - Източник на каталожния запис
Идентификатор на билиотеката - собственик на записа BLK
041 ## - Код за език
Код за езика на текст/звукозапис или на отделно заглавие Български
Код за езика КДБФ Български
080 ## - УДК
Текстов определител УДК Българска литература
УДК код - определител по УДК 821.163.2
УДК определител -1
УДК - код + определител 821.163.2-1
100 ## - Редна дума - Автор
Автор Пенчева, Станка Михайлова
R(LIN) 364065
139 ## - Редно поле
Редна дума Пенчева, Станка Михайлова
245 ## - Сведения за заглавието
Заглавие Хляб и сол
Подзаглавни данни Стихове
Редно поле (дума) Станка Пенчева ; худож. Георги Пенчев
260 ## - Област на издателските данни
9 (RLIN) 209596
Място на издаване, разпространение и проч. Пловдив
Име на издателя, разпространителя и проч. Христо Г. Данов
Година на издаване 1973
300 ## - Физическа характеристика
Страници 85 с.
Илюстрации и др. с ил.
Размери/Мащаб 21 см
380 ## - Жанр
Жанр Худож. лит.
700 ## - Други автори (авторска отговорност)
9 (RLIN) 1637
Лично име Пенчев, Георги
Автороска отговорност (Описва отношението между автора и произведението) худож.
852 ## - Местоположение
Форматна сигнатура Цб 69707
Фондова буква Хранилище
999 ## - СИСТЕМНИ КОНТРОЛНИ НОМЕРА
Koha biblionumber 470454
Koha biblioitemnumber 470454
942 ## - АРТИКУЛИ
Вид на библиотечния материал Книги
Скрит в OPAC Не
Периодичен библиозапис Да
944 ## - СЪЗДАВАНЕ И РЕДАКЦИЯ на ЗАПИСА
Създаване/Редакция Създаване
Дата на регистрацията/редакция 2022-08-16
Служител, извършил регистрацията/редакцията
Статус, дата на статуса CRON CRON
Наличности
Код за отписване Код за изгубен артикул Източник на класификационната схема Код за повреда Коз за рестрикции Код за отдаване Артикулен № Име на библиотеката - собственик Име на библиотеката, в която се намира в момента Статус (Текущо местоположение) Дата на вписване в системата Местоположение - отдел Цена в лева Инвентарен номер Систематично азбучна сигнатура Баркод Цена в евро Служебен тип на артикула
Изтеглен Не е изгубен Universal Decimal Classification Не е повреден без рестрикции заемане за дома 900731 Регионална библиотека "Любен Каравелов" Русе Регионална библиотека "Любен Каравелов" Русе Заемна - подръчен фонд 2022-08-18 Заемна - подръчен фонд 0.80 623655 886.7-1/П 34 120000623655 0.41 Книги
  Не е изгубен Universal Decimal Classification Не е повреден само за читалня ползва се в читалня 900822 Регионална библиотека "Любен Каравелов" Русе Регионална библиотека "Любен Каравелов" Русе Хранилище 2022-08-18 Хранилище 0.80 148203 Цб 69707 120000148203 0.41 Книги
Vip Innovations Ltd, Rousse, Bulgaria 2025